000 00714nam a2200217Ia 4500
003 IN-BaIIA
008 211028s9999 xx s 000 0 eng d
020 _a978-2-7598-0074-2 (Online)
022 _a1633-4760 (Print)
022 _a1638-1963 (Online)
040 _cIIA Library
100 _aWolf, S., ed.
_938172
245 0 _aPerspectives in Radiative Transfer and Interferometry
_h[eBook]
260 _aFrance
_bEDP Sciences
_c2008
300 _aiii, 148p.
490 _aEAS Publications Series
700 _aAllard, F., ed.
_938173
700 _aStee, Ph., ed.
_938174
856 _uhttps://www.eas-journal.org/articles/eas/abs/2008/01/contents/contents.html
_yClick Here to Access eBook
942 _cEB
999 _c20622
_d20622